Devine le duo de pilotes de F1 - Statistiques

Statistiques générales
  • Ce quiz a été pris 234 fois
  • Le résultat moyen est 36 sur 52
Statistiques - réponses
Hint Pilote % Correct
Pilote 1 - Renault 2005 (ESP) Fernando ALONSO
96%
Pilote 2 - Ferrari 2010 (ESP) Fernando ALONSO
96%
Pilote 1 - Alpine 2022 (ESP) Fernando ALONSO
96%
Pilote 1 - McLaren Mercedes 2008 (G-B) Lewis HAMILTON
96%
Pilote 1 - Mercedes 2017 (G-B) Lewis HAMILTON
96%
Pilote 1 - Red Bull 2024 (NED) Max VERSTAPPEN
96%
Pilote 2 - Alpine 2022 (FRA) Esteban OCON
95%
Pilote 1 - Arrows 2001 (P-B) Jos VERSTAPPEN
95%
Pilote 1 - Racing Point 2019 (MEX) Sergio PEREZ
95%
Pilote 2 - Red Bull 2024 (MEX) Sergio PEREZ
95%
Pilote 2 - Racing Bulls 2025 (JAP) Yuki TSUNODA
95%
Pilote 2 - Williams 2023 (THA) Alexander ALBON
94%
Pilote 1 - Red Bull 2014 (ALL) Sebastian VETTEL
94%
Pilote 1 - Ferrari 2018 (ALL) Sebastien VETTEL
94%
Pilote 2 - Haas 2021 (ALL) Mick SCHUMACHER
93%
Pilote 2 - Williams 2003 (ALL) Ralf SCHUMACHER
93%
Pilote 1 - Racing Bulls 2025 (FRA) Isaak HADJAR
92%
Pilote 1 - McLaren 2020 (G-B) Lando NORRIS
92%
Pilote 2 - Williams 2015 (FIN) Valteri BOTTAS
92%
Pilote 2 - Mercedes 2017 (FIN) Valteri BOTTAS
92%
Pilote 2 - McLaren 2020 (ESP) Carlos SAINZ
91%
Pilote 1 - Lotus 2013 (FIN) Kimi RAIKKONEN
91%
Pilote 2 - Ferrari 2018 (FIN) Kimi RAIKKONEN
91%
Pilote 2 - Racing Point 2019 (CAN) Lance STROLL
87%
Pilote 2 - Red Bull 2014 (AUS) Daniel RICCIARDO
85%
Pilote 1 - Haas 2021 (RUS) Nikita MAZEPIN
85%
Pilote 1 - Williams 2023 (USA) Logan SARGEANT
82%
Pilote 2 - Lotus 2013 (FRA) Romain GROSJEAN
82%
Pilote 1 - Brawn GP 2009 (G-B) Jenson BUTTON
80%
Pilote 1 - Ferrari 2010 (BRE) Felipe MASSA
78%
Pilote 1 - Williams 2015 (BRE) Felipe MASSA
78%
Pilote 1 - Renault 2016 (DAN) Kevin MAGNUSSEN
76%
Pilote 2 - BMW 2007 (POL) Robert KUBICA
64%
Pilote 1 - Jaguar 2004 (AUS) Mark WEBBER
57%
Pilote 1 - Bar Honda 2002 (CAN) Jacques VILLENEUVE
56%
Pilote 2 - Brawn GP 2009 (BRE) Rubens BARICHELLO
47%
Pilote 2 - Renault 2005 (ITA) Giancarlo FISICHELLA
45%
Pilote 1 - Williams 2003 (COL) Juan Pablo MONTOYA
45%
Pilote 2 - McLaren Mercedes 2008 (FIN) Heikki KOVALAINEN
44%
Pilote 2 - Jordan 2000 (ITA) Jarno TRULLI
40%
Pilote 2 - Renault 2016 (G-B) Joyson PALMER
38%
Pilote 2 - Bar Honda 2002 (FRA) Olivier PANIS
33%
Pilote 2 - Marussia 2012 (FRA) Charles PIC
31%
Pilote 1 - Force India 2011 (ALL) Adrian SUTIL
29%
Pilote 1 - BMW 2007 (ALL) Nick HEIDFELD
29%
Pilote 1 - Jordan 2000 (ALL) Heinz-Harald FRENTZEN
25%
Pilote 2 - Toro Rosso 2006 (USA) Scott SPEED
22%
Pilote 2 - Force India 2011 (G-B) Paul DI RESTA
21%
Pilote 1 - Marussia 2012 (ALL) Timo GLOCK
20%
Pilote 1 - Toro Rosso 2006 (ITA) Vitantonio LIUZZI
20%
Pilote 2 - Jaguar 2004 (AUT) Christian KLIEN
14%
Pilote 2 - Arrows 2001 (BRE) Enrique BERNOLDI
12%
Aucun quiz correspondant
Distribution des résultats
% des personnes avec chaque résultat
Percentile par nombre de réponses
Votre historique - résultats
Vous n’avez pas pris ce quiz